| 000 | 00000nam##2200000za#4500 |
| 001 | 9.596149 |
| 003 | CaOODSP |
| 005 | 20210624203335 |
| 007 | cr ||||||||||| |
| 008 | 150406|2005||||xxc|||||o f|0| 0 fre|d |
| 020 | |a0-660-97077-5 |
| 040 | |aCaOODSP|bfre |
| 043 | |an-cn--- |
| 086 | 1 |aCS91-520/2005F-PDF |
| 245 | 00|aProjections démographiques pour le Canada, les provinces et les territoires |h[ressource électronique] |
| 260 | |bStatistique Canada. |c2005. |
| 300 | |a215p.|bfigures, tableaux |
| 490 | 1 |aProjections démographiques pour le Canada, les provinces et les territoires |v2005-2031 |
| 590 | |a10-07-Supp|b2010-09-08 |
| 710 | 1 |aCanada.|bStatistique Canada. |bDirection de la statistique démographique et du recensement. |
| 775 | 08|tPopulation projections for Canada, provinces and territories, 2005-2031 |w(CaOODSP)9.564468 |
| 830 | #0|aProjections démographiques pour le Canada, les provinces et les territoires ;|v2005-2031|w(CaOODSP)9.501810 |
| 856 | 40|ahttp://publications.gc.ca|qPDF|s1596 Ko|uhttps://publications.gc.ca/collections/Collection-R/Statcan/91-520-XIB/0010591-520-XIF.pdf|y2005-2031 |